000 00743nam a2200229Ia 4500
003 OSt
005 20220926001338.0
006 a|||||r|||| 00| 0
007 ta
008 220923b |||||||| |||| 00| 0 eng d
037 _cGeneral Book
040 _aRTL
_cRTL
_beng
041 _2eng
_aeng
082 _aX71:8F.2.N79<N78r, L9/GD
110 _aINDIA, WORKS & HOUSING (Ministry of-)
_9303873
245 0 _aPublic accounts committee (1977-78)
_b Hundred and thirty-eighth report
260 _a New Delhi
_bLok Sabha secretariat
_c1979
300 _aiv,159p.
_ccm.
700 _aINDIA, WORKS & HOUSING (Ministry of-)
_9303874
942 _hX71:8F.2.N79<N78r, L9/GD
_cGB
_2CC
999 _c601374
_d601374